| 000 | 02837nam2a2200373 4500 | ||
|---|---|---|---|
| 001 | RU\NLR\BIBL_A\022383221 | ||
| 005 | 20260426065953.0 | ||
| 010 |
_a978-5-94841-657-1 _bт. 68 _950 |
||
| 021 |
_aRU _bКН-П-24-061122 _9КН-П-24-6072 |
||
| 035 | _a(NLR Aleph) 022383221 | ||
| 090 |
_a13691295 _c13691295 |
||
| 100 | _a20241115d2024 u y0rusy50 ca | ||
| 101 | 0 |
_arus _aeng |
|
| 102 | _aRU | ||
| 105 | _aacghz 010zd | ||
| 200 | 0 |
_aТ. 68 _eпо материалам XVI Международного форума "Диалог искусств и арт-парадигм" "Scienceforum pan-art XVI", 24 апреля 2024 года _eМихаил Иванович Глинка и его время _eк 220-летию со дня рождения |
|
| 210 | _d2024 | ||
| 215 |
_a262 с. _cил., портр., нот., факс. |
||
| 300 | _aЧасть текста англ. | ||
| 320 | _aБиблиогр. в конце ст. и в подстроч. примеч. | ||
| 461 | 0 |
_1001RU\NLR\BIBL_A\011769616 _12001#$aДиалог искусств и арт-парадигм$eстатьи, очерки, материалы$fСаратовская государственная консерватория им. Л. В. Собинова, Центр комплексных художественных исследований$g[редактор-составитель: А. И. Демченко]$vТ. 68 _911720633 _cСаратов _d2018- _fСаратовская государственная консерватория им. Л. В. Собинова, Центр комплексных художественных исследований _nСаратовская государственная консерватория имени Л. В. Собинова _oстатьи, очерки, материалы _tДиалог искусств и арт-парадигм _y9785948413143 _vТ. 68 |
|
| 600 | 1 |
_aГлинка _bМ.И. _f1804 - 1857 _gМихаил Иванович _jСъезды, совещания и т.п _91473883 _3RU\NLR\AUTH\66317438 |
|
| 606 | 1 |
_aИскусство _jСъезды, совещания и т.п _z19 в. _92165193 _3RU\NLR\AUTH\6601539674 |
|
| 606 | 1 |
_aРусская литература _jСъезды, совещания и т.п _z19 в. _9916588 _3RU\NLR\AUTH\6616122 |
|
| 686 | 1 | _aЩ313(2Р=Рус)51-81Глинка я431 | |
| 686 | 1 | _aЩ03(0)5я431 | |
| 686 | 1 | _aШ5(2=Р)5я431 | |
| 702 | 1 |
_4280 _7ca _8rus _aГлинка _bМ.И. _f1804-1857 _gМихаил Иванович _9123561 _3RU\NLR\AUTH\7713879 |
|
| 711 | 1 | 2 |
_a"Диалог искусств и арт-парадигм", международный научный форум _d16 _f2024 _eСаратов _3RU\NLR\AUTH\880618872 |
| 942 | _cBOOK | ||
| 980 | _aNB | ||